ē-Konjugation: Verba activa - Statistiken

Allgemein
  • Dieses Quiz wurde 22 mal gespielt
  • Das Durchschnittsergebnis liegt bei 106 aus 131
Antwortstatistiken
Group Hint Antwort % Korrekt
Imperative Imp. Sg. Präs. Akt. monē
100%
Präsens 1. Sg. Präs. Konj. Akt. moneam
100%
Präsens 2. Pl. Präs. Konj. Pass. moneāminī
100%
Präsens 1. Pl. Präs. Konj. Pass. moneāmur
100%
Präsens 1. Pl. Präs. Konj. Akt. moneāmus
100%
Präsens 3. Pl. Präs. Konj. Akt. moneant
100%
Präsens 3. Pl. Präs. Konj. Pass. moneantur
100%
Präsens 1. Sg. Präs. Konj. Pass. monear
100%
Präsens 2. Sg. Präs. Konj. Pass. moneāris
100%
Präsens 2. Sg. Präs. Konj. Akt. moneās
100%
Präsens 3. Sg. Präs. Konj. Akt. moneat
100%
Präsens 2. Pl. Präs. Konj. Akt. moneātis
100%
Präsens 3. Sg. Präs. Konj. Pass. moneātur
100%
Imperfekt 1. Sg. Impf. Ind. Akt. monēbam
100%
Imperfekt 2. Pl. Impf. Ind. Pass. monēbāminī
100%
Imperfekt 1. Pl. Impf. Ind. Pass. monēbāmur
100%
Imperfekt 1. Pl. Impf. Ind. Akt. monēbāmus
100%
Imperfekt 3. Pl. Impf. Ind. Akt. monēbant
100%
Imperfekt 3. Pl. Impf. Ind. Pass. monēbantur
100%
Imperfekt 1. Sg. Impf. Ind. Pass. monēbar
100%
Imperfekt 2. Sg. Impf. Ind. Pass. monēbāris
100%
Imperfekt 2. Sg. Impf. Ind. Akt. monēbās
100%
Imperfekt 3. Sg. Impf. Ind. Akt. monēbat
100%
Imperfekt 2. Pl. Impf. Ind. Akt. monēbātis
100%
Imperfekt 3. Sg. Impf. Ind. Pass. monēbātur
100%
Präsens 2. Pl. Präs. Ind. Pass. monēminī
100%
Präsens 1. Pl. Präs. Ind. Pass. monēmur
100%
Präsens 1. Pl. monēmus
100%
Präsens 3. Pl. monent
100%
Präsens 3. Pl. Präs. Ind. Pass. monentur
100%
Präsens 1. Sg. moneō
100%
Präsens 1. Sg. Präs. Ind. Pass. moneor
100%
Infinitive Inf. Präs. Akt. monēre
100%
Imperfekt 1. Sg. Impf. Konj. Akt. monērem
100%
Imperfekt 1. Pl. Impf. Konj. Akt. monērēmus
100%
Imperfekt 3. Pl. Impf. Konj. Akt. monērent
100%
Imperfekt 1. Sg. Impf. Konj. Pass. monērer
100%
Imperfekt 2. Sg. Impf. Konj. Akt. monērēs
100%
Imperfekt 3. Sg. Impf. Konj. Akt. monēret
100%
Imperfekt 2. Pl. Impf. Konj. Akt. monērētis
100%
Infinitive Inf. Präs. Pass. monērī
100%
Präsens 2. Sg. Präs. Ind. Pass. monēris
100%
Präsens 2. Sg. monēs
100%
Präsens 3. Sg. monet
100%
Präsens 2. Pl. monētis
100%
Präsens 3. Sg. Präs. Ind. Pass. monētur
100%
Plusquamperfekt 1. Sg. PQP Ind. Akt. monueram
100%
Plusquamperfekt 1. Pl. PQP Ind. Akt. monuerāmus
100%
Plusquamperfekt 3. Pl. PQP Ind. Akt. monuerant
100%
Plusquamperfekt 2. Sg. PQP Ind. Akt. monuerās
100%
Plusquamperfekt 3. Sg. PQP Ind. Akt. monuerat
100%
Plusquamperfekt 2. Pl. PQP Ind. Akt. monuerātis
100%
Perfekt 3. Pl. Perf. Ind. Akt. monuērunt
100%
Perfekt 1. Sg. Perf. Ind. Akt. monuī
100%
Perfekt 1. Pl. Perf. Ind. Akt. monuimus
100%
Infinitive Inf. Perf. Akt. monuisse
100%
Plusquamperfekt 1. Sg. PQP Konj. Akt. monuissem
100%
Plusquamperfekt 1. Pl. PQP Konj. Akt. monuissēmus
100%
Plusquamperfekt 3. Pl. PQP Konj. Akt. monuissent
100%
Plusquamperfekt 2. Sg. PQP Konj. Akt. monuissēs
100%
Plusquamperfekt 3. Sg. PQP Konj. Akt. monuisset
100%
Plusquamperfekt 2. Pl. PQP Konj. Akt. monuissētis
100%
Perfekt 2. Sg. Perf. Ind. Akt. monuistī
100%
Perfekt 2. Pl. Perf. Ind. Akt. monuistis
100%
Perfekt 3. Sg. Perf. Ind. Akt. monuit
100%
Futur II 3. Sg. Fut. II Akt. monuerit
89%
Futur I 1. Pl. Fut. Ind. Akt. monēbimus
89%
Futur I 2. Sg. Fut. Ind. Akt. monēbis
89%
Futur I 3. Sg. Fut. Ind. Akt. monēbit
89%
Futur I 2. Pl. Fut. Ind. Akt. monēbitis
89%
Futur I 1. Sg. Fut. Ind. Akt. monēbō
89%
Futur I 3. Pl. Fut. Ind. Akt. monēbunt
89%
Partizipien Partizip Präsens Aktiv monēns
89%
Imperfekt 2. Pl. Impf. Konj. Pass. monērēminī
89%
Imperfekt 1. Pl. Impf. Konj. Pass. monērēmur
89%
Imperfekt 3. Pl. Impf. Konj. Pass. monērentur
89%
Imperfekt 2. Sg. Impf. Konj. Pass. monērēris
89%
Imperfekt 3. Sg. Impf. Konj. Pass. monērētur
89%
Imperative Imp. Pl. Präs. Akt. monēte
89%
Partizipien Partizip Perfekt Passiv monitus, -a, -um
89%
Perfekt 1. Sg. Perf. Konj. Akt. monuerim
89%
Perfekt 1. Pl. Perf. Konj. Akt. monuerimus
89%
Futur II 1. Pl. Fut. II Akt. monuerimus
89%
Perfekt 2. Sg. Perf. Konj. Akt. monueris
89%
Futur II 2. Sg. Fut. II Akt. monueris
89%
Perfekt 3. Sg. Perf. Konj. Akt. monuerit
89%
Partizipien Partizip Futur Aktiv monitūrus, -a, -um
78%
Perfekt 3. Pl. Perf. Konj. Akt. monuerint
78%
Futur II 3. Pl. Fut. II Akt. monuerint
78%
Perfekt 2. Pl. Perf. Konj. Akt. monueritis
78%
Futur II 2. Pl. Fut. II Akt. monueritis
78%
Futur II 1. Sg. Fut. II Akt. monuerō
78%
Futur I 1. Sg. Fut. Ind. Pass. monēbor
67%
Plusquamperfekt 1. Pl. PQP Konj. Pass. monitī, -ae, -a essēmus
56%
Plusquamperfekt 3. Pl. PQP Konj. Pass. monitī, -ae, -a essent
56%
Plusquamperfekt 2. Pl. PQP Konj. Pass. monitī, -ae, -a essētis
56%
Perfekt 2. Pl. Perf. Ind. Pass. monitī, -ae, -a estis
56%
Perfekt 1. Pl. Perf. Ind. Pass. monitī, -ae, -a sumus
56%
Perfekt 3. Pl. Perf. Ind. Pass. monitī, -ae, -a sunt
56%
Infinitive Inf. Perf. Pass. monitum, -am, -um esse
56%
Perfekt 2. Sg. Perf. Ind. Pass. monitus, -a, -um es
56%
Plusquamperfekt 1. Sg. PQP Konj. Pass. monitus, -a, -um essem
56%
Plusquamperfekt 2. Sg. PQP Konj. Pass. monitus, -a, -um essēs
56%
Plusquamperfekt 3. Sg. PQP Konj. Pass. monitus, -a, -um esset
56%
Perfekt 3. Sg. Perf. Ind. Pass. monitus, -a, -um est
56%
Perfekt 1. Sg. Perf. Ind. Pass. monitus, -a, -um sum
56%
Plusquamperfekt 1. Pl. PQP Ind. Pass. monitī, -ae, -a erāmus
44%
Plusquamperfekt 3. Pl. PQP Ind. Pass. monitī, -ae, -a erant
44%
Plusquamperfekt 2. Pl. PQP Ind. Pass. monitī, -ae, -a erātis
44%
Futur II 1. Pl. Fut. II Pass. monitī, -ae, -a erimus
44%
Futur II 2. Pl. Fut. II Pass. monitī, -ae, -a eritis
44%
Futur II 3. Pl. Fut. II Pass. monitī, -ae, -a erunt
44%
Perfekt 1. Pl. Perf. Konj. Pass. monitī, -ae, -a sīmus
44%
Perfekt 3. Pl. Perf. Konj. Pass. monitī, -ae, -a sint
44%
Perfekt 2. Pl. Perf. Konj. Pass. monitī, -ae, -a sītis
44%
Plusquamperfekt 1. Sg. PQP Ind. Pass. monitus, -a, -um eram
44%
Plusquamperfekt 2. Sg. PQP Ind. Pass. monitus, -a, -um erās
44%
Plusquamperfekt 3. Sg. PQP Ind. Pass. monitus, -a, -um erat
44%
Futur II 2. Sg. Fut. II Pass. monitus, -a, -um eris
44%
Futur II 3. Sg. Fut. II Pass. monitus, -a, -um erit
44%
Futur II 1. Sg. Fut. II Pass. monitus, -a, -um erō
44%
Perfekt 1. Sg. Perf. Konj. Pass. monitus, -a, -um sim
44%
Perfekt 2. Sg. Perf. Konj. Pass. monitus, -a, -um sīs
44%
Perfekt 3. Sg. Perf. Konj. Pass. monitus, -a, -um sit
44%
Futur I 2. Sg. Fut. Ind. Pass. monēberis
33%
Futur I 2. Pl. Fut. Ind. Pass. monēbiminī
33%
Futur I 1. Pl. Fut. Ind. Pass. monēbimur
33%
Futur I 3. Sg. Fut. Ind. Pass. monēbitur
33%
Futur I 3. Pl. Fut. Ind. Pass. monēbuntur
33%
Infinitive Inf. Fut. Akt. monitūrum, -am, -um esse
33%
Infinitive Inf. Fut. Pass. monitum īrī
11%
Keine übereinstimmenden Quizze gefunden
Verteilung der Resultate
Anzahl Personen mit jedem Resultat
Perzentil nach korrekt beantworteten Fragen
Ihre Resultats-Entwicklung
Sie haben dieses Quiz noch nicht gespielt